| 000 | 00675nam a22002417a 4500 | ||
|---|---|---|---|
| 003 | UA-OsUOA | ||
| 001 | 45469 | ||
| 007 | ta | ||
| 008 | 20070423b un ||||| |||| 00| 0 ukr d | ||
| 100 | _aКарпенко Віталій | ||
| 090 |
_a281. 96 (252) (477) _bК 26 |
||
| 942 | _cBK | ||
| 040 |
_aUA-OsUOA _bukr _cUA-OsUOA _dUA-OsUOA |
||
| 245 | _aЧас каміння збирати | ||
| 300 | _a256 с. | ||
| 955 | _a2 | ||
| 041 | _aukr | ||
| 080 | _a281. 96 (252) (477) | ||
| 020 | _a966-7139-70-0 | ||
| 260 |
_aК. _b"Вечірній Київ" _c1999 |
||
| 650 | 7 |
_a28 Християнські церкви, секти, конфесії _2UDC |
|
| 999 |
_c331580 _d331580 |
||